000 01270cab a2200229 4500
001 ##L133040
008 060405n2006 000 0 eng u
035 _a(Sirsi) u133040
041 0 _aeng
100 1 _aHanbury, William
245 0 _aExpert guidance
260 _c2006
490 0 _aEMIS Property Service
_v4(3) 2006, 6-7(2)
520 _aReviews the increasing number of protocols governing the preparation of expert evidence in the property field, some within and some without the Civil Procedure Rules. Covers guidance on giving evidence in court, key practice points and recent case law. Concludes that there is now a great deal of guidance available to experts and to those who instruct them and the guidance is sufficiently complete with relatively few practice points remaining to be decided. Further guidance as to the impartiality of the evidence given by an expert is likely to be forthcoming.
590 _aIKA110406
650 2 4 _aCIVIL PROCEDURE RULES
650 2 4 _aGURNEY CONSULTING ENGINEERS V GLEADS HEALTH AND SAFETY LTD
650 2 4 _aHAJIGEORGIOU V VASILIOU
650 2 4 _aBECK V MOD
690 _aMANAGEMENT- DISPUTE AVOIDANCE, MANAGEMENT AND RESOLUTION-DISPUTE MANAGEMENT AND RESOLUTION-EXPERT WITNESSES-EXPERT EVIDENCE
942 _n0
999 _c76761
_d76761